000 00581nam a2200265Ia 4500
008 210210b2011 xxu||||| |||| 00| 0 eng d
020 _a9780749462529
041 _aeng
082 _a658.4012 BLAH
100 _aBLACKWELL (Edward)
245 _aHow to prepare a business plan Ed 5
250 _a
260 _aLondon
_bKogan Page
_c2011
300 _avi,192
650 _ato
650 _aprepare
650 _aplan
650 _aHow
650 _aEd
650 _abusiness
650 _aa
650 _a5
690 _aExecutive Management
906 _a065718
999 _c146978
_d146978